Les Rapaces - Statistiques

Statistiques générales
  • Ce quiz a été pris 217 fois
  • Le résultat moyen est 14 sur 51
Statistiques - réponses
Nombre d'espèces Famille Nom % Correct
37 Accipitridae Aigle
97%
30 Falconidae Faucon
96%
13 Accipitridae Vautour
85%
53 Accipitridae Buse
84%
27 Strigidae Chouette
78%
9 Strigidae Hibou
75%
2 Cathartidae Condor
61%
29 Accipitridae Epervier
55%
10 Accipitridae Pygargue
53%
8 Accipitridae Milan
52%
16 Accipitridae Busard
47%
18 Strigidae Grand-duc
42%
2 Pandionidae Balbuzard
40%
1 Accipitridae Gypaète
38%
31 Accipitridae Autour
36%
14 Tytonidae Effraie
34%
81 Strigidae Petit-duc
32%
1 Strigidae Harfang
31%
8 Falconidae Crécerelle
28%
4 Strigidae Chevêche
25%
3 Accipitridae Harpie
25%
6 Accipitridae Circaète
23%
7 Accipitridae Serpentaire
23%
4 Cathartidae Urubu
22%
8 Accipitridae Bondrée
19%
2 Strigidae Duc
19%
10 Falconidae Caracara
18%
32 Strigidae Chevêchette
17%
6 Accipitridae Elanion
16%
1 Accipitridae Percnoptère
16%
1 Cathartidae Sarcoramphe
9%
8 Falconidae Fauconnet
8%
1 Sagittariidae Messager Sagittaire
8%
5 Accipitridae Baza
6%
1 Falconidae Macagua
6%
4 Strigidae Nyctale
6%
1 Accipitridae Bateleur
5%
4 Accipitridae Busautour
5%
7 Falconidae Carnifex
5%
3 Strigidae Kétoupa
5%
34 Strigidae Ninoxe
5%
1 Accipitridae Palmiste
5%
3 Tytonidae Phodile
4%
4 Accipitridae Bec-en-croc
3%
1 Strigidae Eperviere
3%
2 Accipitridae Gymnogene
3%
1 Accipitridae Naucler
3%
1 Accipitridae Pithécophage
3%
1 Accipitridae Alcin
1%
1 Accipitridae Firasabé
1%
2 Accipitridae Harpage
1%
Aucun quiz correspondant
Distribution des résultats
% des personnes avec chaque résultat
Percentile par nombre de réponses
Votre historique - résultats
Vous n’avez pas pris ce quiz